Loading...
Aval peyyunnu /
| Main Author: | |
|---|---|
| Format: | Printed Book |
| Language: | Malayalam |
| Published: |
Kozhikode :
Olive publishers ,
2006.
|
| Subjects: |
| LEADER | 00540nam a2200157Ia 4500 | ||
|---|---|---|---|
| 008 | 150624b xxu||||| |||| 00| j mal d | ||
| 999 | |c 85320 |d 85320 | ||
| 082 | |a 855.592 | ||
| 100 | |a P K Parakkadavu | ||
| 245 | |c P K Parakkadavu |a Aval peyyunnu / | ||
| 260 | |a Kozhikode : |b Olive publishers , |c 2006. | ||
| 300 | |a 90 p. |c 21cm. | ||
| 546 | |a In Malayalam. | ||
| 650 | |v Malayalam Short stories | ||
| 942 | |c BK | ||
| 952 | |0 0 |1 0 |4 0 |6 855_592000000000000_AVA_M |7 0 |9 85264 |a UL |b UL |c ST1 |d 2006-11-30 |e OLI |l 1 |o 855.592 AVA M |p 80720 |r 2013-03-14 |s 2013-03-05 |v 40.00 |y BK | ||